Hilangnya keangkuhan merak

Bibliographic Details
Main Author: Hazli Mat Saad
Corporate Author: Title
Format: Book
Published: Selangor : Nikaz publications , 2006
Series:Salam dari rimba
Subjects:

MARC

LEADER 00000cam a2200000 7i4500
001 0000003516
005 20220105103947.0
008 070719
020 |a 9831881427 
090 0 0 |a JP   |b ANM MAL (3784) 
100 0 |a Hazli Mat Saad 
245 0 0 |a Hilangnya keangkuhan merak   |c Hazli Mat Saad 
260 |a Selangor :   |b Nikaz publications ,   |c 2006 
440 0 |a Salam dari rimba 
500 |a Children age 4-6 years old (yellow) 
650 0 |a Animal 
650 0 |a Malay language   |x Readers   |x Fiction 
710 0 |a Title 
999 |a 0000947280   |b Book   |c Children Collection   |e Cawangan Bukit Gambir 
999 |a 0000969333   |b Book   |c Children Collection   |e Perbadanan Perpustakaan Awam Johor 
999 |a 0000969334   |b Book   |c Children Collection   |e Cawangan Tmn. Ungku Tun Aminah 
999 |a 0000969335   |b Book   |c Children Collection   |e Cawangan Tmn. Ungku Tun Aminah 
999 |a 0000969336   |b Book   |c Children Collection   |e Cawangan Mersing 
999 |a 0000969337   |b Book   |c Children Collection   |e Perbadanan Perpustakaan Awam Johor 
999 |a 0000975873   |b Book   |c Children Collection   |e Cawangan Pontian 
999 |a 0000975874   |b Book   |c Children Collection   |e Cawangan Pontian 
999 |a 0000975875   |b Book   |c Children Collection   |e Cawangan Bukit Gambir 
999 |a 0001143699   |b Book   |c Children Collection   |e Cawangan Bukit Gambir 
999 |a 0001143700   |b Book   |c Children Collection   |e Cawangan Tangkak 
999 |a 0001143704   |b Book   |c Children Collection   |e Cawangan Bukit Gambir